Single red (Record no. 154245)

MARC details
000 -LEADER
fixed length control field 00627nam a22001937a 4500
005 - DATE AND TIME OF LATEST TRANSACTION
control field 20180718113340.0
010 ## - LCCN (DPL NO)
LC control number B-214736
020 ## - INTERNATIONAL STANDARD BOOK NUMBER
International Standard Book Number 9780143032623
Terms of availability 325.00
035 ## - SYSTEM CONTROL NUMBER
System control number B-214736
037 ## - SOURCE OF ACQUISITION
Source of stock number/acquisition Penguin Books
082 ## - DEWEY DECIMAL CLASSIFICATION NUMBER
Classification number N
100 ## - MAIN ENTRY--PERSONAL NAME
Personal name Chatterjee, Rimi B.
245 ## - TITLE STATEMENT
Title Single red
Statement of responsibility, etc Rimi B. Chatterjee
260 ## - PUBLICATION, DISTRIBUTION, ETC. (IMPRINT)
Place of publication, distribution, etc New Delhi
Name of publisher, distributor, etc Penguin Books
Date of publication, distribution, etc 2005
270 ## - ADDRESS
Address 11 Community Centre, Panchsheel Park, New Delhi-110017
City New Delhi
Postal code 110017
300 ## - PHYSICAL DESCRIPTION
Extent 281p.
Dimensions 20cm(pbk)
942 ## - ADDED ENTRY ELEMENTS (KOHA)
Source of classification or shelving scheme Dewey Decimal Classification
Item type English Books
Classification part N
Call number suffix CHA
Holdings
Withdrawn status Lost status Not for loan Collection code Home library Current library Date acquired Full call number Barcode Koha item type
      Fiction Sarojini Nagar Sarojini Nagar 18/07/2018 N CHA B-214736 English Books

© Delhi Public Library
Hit Counter
free hit counter